[Event "Tamil Nadu IM 14th"]
[Site "Chennai"]
[Date "2024.01.21"]
[Round "9"]
[White "Mithrakanth, Poorna Sharma"]
[Black "Gochelashvili, David"]
[Result "0-1"]
[WhiteElo "2252"]
[BlackElo "2287"]
[PlyCount "74"]
[EventDate "2024.01.16"]
[EventType "tourn"]
[EventRounds "9"]
[EventCountry "IND"]
[SourceTitle "CB04_2024"]
[SourceDate "2023.10.16"]
[SourceVersion "1"]
[SourceVersionDate "2023.10.16"]
[SourceQuality "1"]

1. e4 c5 2. Nf3 Nc6 3. d4 cxd4 4. Nxd4 g6 5. Nc3 Bg7 6. Be3 Nf6 7. Nb3 0-0 8. Be2 d6 9. 0-0 Be6 10. f4 Qc8 11. Kh1 Rd8 12. Qe1 d5 13. e5 d4 14. exf6 exf6 15. Bd2 dxc3 16. Bxc3 Qc7 17. Bd3 a5 18. f5 Bd5 19. fxg6 hxg6 20. Bxf6 Bxf6 21. Rxf6 Ne5 22. Qg3 Rac8 23. Raf1 Nxd3 24. cxd3 a4 25. Nd2 Qxg3 26. hxg3 Rc2 27. R6f2 Bxa2 28. Ne4 Rxf2 29. Nxf2 Rc8 30. Ne4 Rc2 31. Rf2 Rxf2 32. Nxf2 b5 33. d4 b4 34. Nd3 a3 35. bxa3 bxa3 36. Kg1 Bb3 37. Nc1 Bc4 0-1

[Event "Tamil Nadu IM 14th"]
[Site "Chennai"]
[Date "2024.01.16"]
[Round "2"]
[White "Mithrakanth, Poorna Sharma"]
[Black "Lokesh, N1."]
[Result "0-1"]
[WhiteElo "2252"]
[BlackElo "2140"]
[PlyCount "86"]
[EventDate "2024.01.16"]
[EventType "tourn"]
[EventRounds "9"]
[EventCountry "IND"]
[SourceTitle "CB04_2024"]
[SourceDate "2023.10.16"]
[SourceVersion "1"]
[SourceVersionDate "2023.10.16"]
[SourceQuality "1"]

1. e4 e5 2. Nf3 Nc6 3. Bb5 Nge7 4. 0-0 g6 5. c3 a6 6. Bc4 Bg7 7. d4 exd4 8. cxd4 b5 9. Bb3 0-0 10. Nc3 Na5 11. Bc2 d6 12. h3 c5 13. Bf4 Nc4 14. b3 Na3 15. Bd3 Nc6 16. Ne2 Re8 17. Rc1 Nb4 18. Qd2 Bb7 19. d5 Qf6 20. Rfd1 a5 21. Bg3 a4 22. Nc3 Nxd3 23. Qxd3 axb3 24. axb3 b4 25. e5 dxe5 26. Ne4 Qa6 27. Qxa6 Bxa6 28. Rxc5 f5 29. Nd6 Red8 30. Nc4 Bxc4 31. bxc4 f4 32. Bh4 Rd7 33. Rc6 b3 34. Nd2 Rb8 35. Ra6 Bf8 36. Ne4 Kf7 37. c5 b2 38. Nc3 Bxc5 39. Nb1 Nxb1 40. Rxb1 Rxd5 41. Rc6 Rb7 42. Kf1 Bd4 43. f3 Ra5 0-1

[Event "IND-chB"]
[Site "Jamshedpur"]
[Date "2000.10.15"]
[Round "6"]
[White "Mithrakanth, Poorna Sharma"]
[Black "Shantharam, KV."]
[Result "0-1"]
[WhiteElo "2329"]
[BlackElo "2233"]
[PlyCount "94"]
[EventDate "2000.10.??"]
[EventType "swiss"]
[EventRounds "13"]
[EventCountry "IND"]
[SourceTitle "EXT 2002"]
[Source "ChessBase"]
[SourceDate "2001.11.25"]
[SourceVersion "1"]
[SourceVersionDate "2001.11.25"]
[SourceQuality "1"]

1. e4 c5 2. Nf3 d6 3. d4 cxd4 4. Nxd4 Nf6 5. Nc3 a6 6. Be2 e5 7. Nb3 Be7 8. Be3 Be6 9. 0-0 0-0 10. a4 Nbd7 11. a5 Rc8 12. Qd2 Re8 13. Rfd1 Qc7 14. Nc1 Red8 15. Bf3 Bf8 16. Nd3 b5 17. Nb4 Qc4 18. Ncd5 Nxe4 19. Qe1 Bxd5 20. Nxd5 Nef6 21. Bb6 Nxb6 22. Nxb6 Qc7 23. Nxc8 Rxc8 24. Rd2 Rd8 25. Qe3 d5 26. c3 e4 27. Bd1 Bd6 28. Qh3 Bf4 29. Re2 g6 30. Bb3 Kg7 31. g3 Bd6 32. Qf1 Bc5 33. Kh1 h5 34. f3 Rd7 35. fxe4 dxe4 36. Rd1 Re7 37. Bc2 Ng4 38. Rde1 f5 39. h3 Nf6 40. Qg2 Bd6 41. g4 hxg4 42. hxg4 Kf8 43. Re3 Rh7+ 44. Rh3 Nxg4 45. Re2 Bc5 46. Bxe4 Qf4 47. Qf3 Qc1+ 0-1

[Event "IND-chT"]
[Site "Chennai"]
[Date "2000.??.??"]
[Round "3"]
[White "Mithrakanth, Poorna Sharma"]
[Black "Prakash, GB."]
[Result "1/2-1/2"]
[WhiteElo "2338"]
[BlackElo "2435"]
[PlyCount "65"]
[EventDate "2000.??.??"]
[EventType "team"]
[EventRounds "6"]
[EventCountry "IND"]
[SourceTitle "EXT 2001"]
[Source "ChessBase"]
[SourceDate "2000.11.22"]
[SourceVersion "1"]
[SourceVersionDate "2000.11.22"]
[SourceQuality "1"]

1. e4 c6 2. d4 d5 3. Nc3 dxe4 4. Nxe4 Bf5 5. Ng3 Bg6 6. h4 h6 7. Nf3 Nf6 8. h5 Bh7 9. Bd3 Bxd3 10. Qxd3 e6 11. Bf4 Qa5+ 12. Bd2 Bb4 13. c3 Be7 14. c4 Bb4 15. a3 Bxd2+ 16. Nxd2 Nbd7 17. b4 Qc7 18. 0-0 a5 19. c5 axb4 20. axb4 0-0 21. b5 b6 22. Nde4 bxc5 23. dxc5 cxb5 24. Nxf6+ gxf6 25. Rxa8 Rxa8 26. Ne4 Kg7 27. Qxb5 Ra5 28. Qb2 Ra4 29. Re1 Qe5 30. Qxe5 Nxe5 31. f3 Rc4 32. Nd6 Rxc5 33. Ne8+ 1/2-1/2

[Event "Goodricke op 10th"]
[Site "Kolkata"]
[Date "1999.02.10"]
[Round "5"]
[White "Mithrakanth, Poorna Sharma"]
[Black "Vijayalakshmi, Subbaraman"]
[Result "1/2-1/2"]
[WhiteElo "2375"]
[BlackElo "2325"]
[PlyCount "62"]
[EventDate "1999.02.06"]
[EventType "swiss"]
[EventRounds "11"]
[EventCountry "IND"]
[SourceTitle "CBM 069 Extra"]
[Source "ChessBase"]
[SourceDate "1999.05.10"]
[SourceVersion "1"]
[SourceVersionDate "1999.05.10"]
[SourceQuality "1"]

1. e4 e5 2. Nf3 Nc6 3. Bb5 a6 4. Ba4 Nf6 5. 0-0 Be7 6. Re1 b5 7. Bb3 d6 8. c3 0-0 9. h3 h6 10. d4 Re8 11. Nbd2 Bf8 12. a4 Bd7 13. Bc2 exd4 14. cxd4 Nb4 15. Bb1 c5 16. b3 g6 17. Bb2 Bg7 18. Qc1 Rc8 19. d5 Re7 20. axb5 axb5 21. Bc3 Qf8 22. Ra7 Rce8 23. Rd1 Nh5 24. Bxg7 Qxg7 25. Nf1 g5 26. Ne3 Nf4 27. Qd2 f6 28. Nh2 h5 29. Nhf1 h4 30. Nh2 Ng6 31. Rf1 Bc8 1/2-1/2

[Event "Goodricke op 10th"]
[Site "Kolkata"]
[Date "1999.02.08"]
[Round "3"]
[White "Mithrakanth, Poorna Sharma"]
[Black "Chandra Sekhar, TK."]
[Result "1-0"]
[WhiteElo "2375"]
[BlackElo "2200"]
[PlyCount "85"]
[EventDate "1999.02.06"]
[EventType "swiss"]
[EventRounds "11"]
[EventCountry "IND"]
[SourceTitle "CBM 069 Extra"]
[Source "ChessBase"]
[SourceDate "1999.05.10"]
[SourceVersion "1"]
[SourceVersionDate "1999.05.10"]
[SourceQuality "1"]

1. e4 c6 2. d4 d5 3. Nc3 dxe4 4. Nxe4 Nf6 5. Nxf6+ exf6 6. c3 Bd6 7. Bd3 0-0 8. Qc2 Re8+ 9. Ne2 h6 10. 0-0 Qc7 11. Ng3 Nd7 12. Bd2 Nf8 13. Rfe1 Bd7 14. c4 Ne6 15. Be3 c5 16. d5 Nf4 17. Bf5 b6 18. Rad1 Bxf5 19. Nxf5 Ng6 20. g3 h5 21. Qa4 Re5 22. Nxd6 Qxd6 23. f4 Re4 24. Bf2 f5 25. a3 Kh7 26. Rxe4 fxe4 27. b4 cxb4 28. axb4 Rc8 29. c5 bxc5 30. bxc5 Rxc5 31. Bxc5 Qxc5+ 32. Qd4 Qc2 33. Qd2 Qc5+ 34. Qf2 e3 35. Qe2 Ne7 36. d6 Nc6 37. d7 Nd8 38. Re1 Qf5 39. Qd1 g6 40. Rxe3 Qc5 41. Kf2 a5 42. Qb3 Ne6 43. Qxe6 1-0

[Event "Goodricke op 10th"]
[Site "Kolkata"]
[Date "1999.02.07"]
[Round "2"]
[White "Yogesh, Gore"]
[Black "Mithrakanth, Poorna Sharma"]
[Result "0-1"]
[WhiteElo "2320"]
[BlackElo "2375"]
[PlyCount "48"]
[EventDate "1999.02.06"]
[EventType "swiss"]
[EventRounds "11"]
[EventCountry "IND"]
[SourceTitle "CBM 069 Extra"]
[Source "ChessBase"]
[SourceDate "1999.05.10"]
[SourceVersion "1"]
[SourceVersionDate "1999.05.10"]
[SourceQuality "1"]

1. e4 c5 2. Nf3 d6 3. Bb5+ Bd7 4. Bxd7+ Qxd7 5. d4 cxd4 6. Nxd4 Nf6 7. Nc3 g6 8. Nd5 Bg7 9. 0-0 Nc6 10. Re1 Nxd5 11. Nxc6 Nc3 12. bxc3 Qxc6 13. Bd2 0-0 14. Re3 Rac8 15. Qg4 Qa4 16. Rc1 Rc4 17. Qh4 Bf6 18. Qf4 Rfc8 19. Rce1 R8c5 20. Rf3 Re5 21. Qg4 Qxc2 22. Be3 Qxe4 23. Qd7 Qc6 24. Qd8+ Kg7 0-1

[Event "Kolkata Millenium op"]
[Site "Kolkata"]
[Date "1999.??.??"]
[Round "?"]
[White "Mithrakanth, Poorna Sharma"]
[Black "Shetty, Rahul"]
[Result "0-1"]
[WhiteElo "2360"]
[BlackElo "2305"]
[PlyCount "94"]
[EventDate "1999.??.??"]
[EventType "swiss"]
[EventRounds "9"]
[EventCountry "IND"]
[SourceTitle "EXT 2003"]
[Source "ChessBase"]
[SourceDate "2002.11.25"]
[SourceVersion "1"]
[SourceVersionDate "2002.11.25"]
[SourceQuality "1"]

1. e4 e6 2. d4 d5 3. Nd2 Be7 4. Ngf3 Nf6 5. e5 Nfd7 6. Bd3 c5 7. c3 b6 8. Qe2 a5 9. 0-0 cxd4 10. cxd4 Ba6 11. Bxa6 Rxa6 12. a4 0-0 13. Nb1 Ra8 14. Nc3 Nc6 15. Be3 Ndb8 16. Rfc1 Nb4 17. Nb5 N8c6 18. Bd2 Rc8 19. Bxb4 Nxb4 20. Rxc8 Qxc8 21. Qd1 Qd7 22. Rc1 Rc8 23. g3 h6 24. Kg2 Rc6 25. Qd2 Kf8 26. Rxc6 Qxc6 27. Qc3 Qxc3 28. bxc3 Nd3 29. Kf1 Nb2 30. Ke2 Nxa4 31. Kd2 Nb2 32. Kc2 Nc4 33. Kb3 Ke8 34. Ne1 Kd7 35. Nd3 f6 36. exf6 gxf6 37. f4 f5 38. Ka4 Bd6 39. Nxd6 Kxd6 40. Kb5 Kc7 41. h3 h5 42. Nc1 Nd6+ 43. Ka4 Ne4 44. Ne2 Kc6 45. h4 Kb7 46. Kb3 b5 47. Ka3 Nxc3 0-1

[Event "Commonwealth-ch"]
[Site "India"]
[Date "1999.??.??"]
[Round "?"]
[White "Shetty, Rahul"]
[Black "Mithrakanth, Poorna Sharma"]
[Result "1-0"]
[WhiteElo "2311"]
[BlackElo "2378"]
[PlyCount "87"]
[EventDate "1999.??.??"]
[EventType "swiss"]
[EventRounds "10"]
[EventCountry "IND"]
[SourceTitle "EXT 2002"]
[Source "ChessBase"]
[SourceDate "2001.11.25"]
[SourceVersion "1"]
[SourceVersionDate "2001.11.25"]
[SourceQuality "1"]

1. e4 c5 2. Nf3 d6 3. d4 cxd4 4. Nxd4 Nf6 5. Nc3 a6 6. f3 e5 7. Nb3 Be6 8. Be3 Nbd7 9. g4 h6 10. Qd2 Rc8 11. 0-0-0 b5 12. Kb1 Nb6 13. Qf2 Nfd7 14. Nd5 Bxd5 15. exd5 Nc4 16. Bc1 Qb6 17. Qe1 Be7 18. h4 a5 19. Bxc4 bxc4 20. Nxa5 c3 21. Nc6 cxb2 22. Be3 Qa6 23. Qb4 Ra8 24. a4 Qxa4 25. Qxa4 Rxa4 26. Kxb2 Bd8 27. Kb3 Ra8 28. Ra1 Rxa1 29. Rxa1 0-0 30. Ra7 Nf6 31. c4 Nh7 32. c5 e4 33. fxe4 Bxh4 34. cxd6 Nf6 35. d7 Nxe4 36. g5 Bxg5 37. Bxg5 hxg5 38. d8Q Rxd8 39. Nxd8 g4 40. Nxf7 g3 41. Ne5 g2 42. Ra8+ Kh7 43. Ra1 Nd2+ 44. Kb4 1-0

[Event "Goodricke op 09th"]
[Site "Kolkata"]
[Date "1998.02.08"]
[Round "3"]
[White "Nguyen, Anh Dung"]
[Black "Mithrakanth, Poorna Sharma"]
[Result "1-0"]
[WhiteElo "2500"]
[BlackElo "2370"]
[PlyCount "91"]
[EventDate "1998.02.06"]
[EventType "swiss"]
[EventRounds "11"]
[EventCountry "IND"]
[SourceTitle "CBM 062 Extra"]
[Source "ChessBase"]
[SourceDate "1998.03.09"]
[SourceVersion "1"]
[SourceVersionDate "1998.03.09"]
[SourceQuality "1"]

1. e4 c5 2. Nf3 d6 3. d4 cxd4 4. Qxd4 Bd7 5. Nc3 Nc6 6. Qe3 Nf6 7. Bd2 g6 8. Nd5 Bg7 9. Bc3 Ng4 10. Qd2 Bxc3 11. Nxc3 Qb6 12. Bb5 Rc8 13. 0-0 Nce5 14. Bxd7+ Nxd7 15. Nd5 Qc5 16. c4 Nge5 17. Nxe5 Nxe5 18. Rac1 a5 19. Kh1 f6 20. f4 Nc6 21. a3 Kf7 22. b4 axb4 23. axb4 Qd4 24. Qe2 e6 25. Rcd1 Qa7 26. Nc3 Qb8 27. f5 Ne5 28. fxe6+ Kxe6 29. Nd5 Rhf8 30. Rc1 Qa7 31. h3 h5 32. Rf4 Rf7 33. Qf1 Rcf8 34. c5 f5 35. Qd1 Qb8 36. Qb3 fxe4 37. Nc7+ Kd7 38. cxd6 Rf6 39. Rxe4 Qa7 40. Ree1 Qd4 41. Qa4+ Nc6 42. Rcd1 Qxb4 43. Re7+ Kc8 44. Qa8+ Nb8 45. d7+ Kd8 46. Qxb8+ 1-0

[Event "Goodricke op 08th"]
[Site "Kolkata"]
[Date "1997.??.??"]
[Round "3"]
[White "Davies, Nigel Rodney"]
[Black "Mithrakanth, Poorna Sharma"]
[Result "1-0"]
[WhiteElo "2505"]
[BlackElo "2360"]
[PlyCount "93"]
[EventDate "1997.02.??"]
[EventType "swiss"]
[EventRounds "11"]
[EventCountry "IND"]
[SourceTitle "CBM 056 Extra"]
[Source "ChessBase"]
[SourceDate "1997.03.01"]
[SourceVersion "1"]
[SourceVersionDate "1997.03.01"]
[SourceQuality "1"]

1. Nf3 Nf6 2. c4 e6 3. g3 d5 4. Bg2 dxc4 5. Qc2 a6 6. Ne5 Nd5 7. Nxc4 b5 8. Ne3 Bb7 9. 0-0 Nxe3 10. dxe3 Bxg2 11. Kxg2 c5 12. a4 Qd5+ 13. f3 Qc6 14. Nc3 b4 15. Ne4 c4 16. Nd2 c3 17. bxc3 bxc3 18. Ne4 Bb4 19. a5 f5 20. Ba3 fxe4 21. Bxb4 Nd7 22. Qxc3 Qxc3 23. Bxc3 0-0 24. Rfd1 Rf7 25. g4 Rc8 26. Rac1 h5 27. h3 hxg4 28. hxg4 exf3+ 29. exf3 Rc5 30. Kg3 Ne5 31. f4 Rfc7 32. Bxe5 Rxc1 33. Rd8+ Kf7 34. Bxc7 Rxc7 35. Rd6 Rc3 36. Kf3 g5 37. fxg5 Rc5 38. g6+ Kf6 39. Rxa6 Rg5 40. Kf4 Rxg6 41. g5+ Ke7 42. Ra8 Kd6 43. a6 Rg7 44. a7 Rf7+ 45. Ke4 Rd7 46. g6 e5 47. g7 1-0

[Event "Goodricke op 08th"]
[Site "Kolkata"]
[Date "1997.??.??"]
[Round "11"]
[White "Mithrakanth, Poorna Sharma"]
[Black "Marin, Mihail"]
[Result "0-1"]
[WhiteElo "2360"]
[BlackElo "2545"]
[PlyCount "78"]
[EventDate "1997.02.??"]
[EventType "swiss"]
[EventRounds "11"]
[EventCountry "IND"]
[SourceTitle "CBM 056 Extra"]
[Source "ChessBase"]
[SourceDate "1997.03.01"]
[SourceVersion "1"]
[SourceVersionDate "1997.03.01"]
[SourceQuality "1"]

1. e4 d6 2. d4 Nf6 3. Nc3 g6 4. Be3 c6 5. Qd2 Nbd7 6. f3 b5 7. Bd3 Bb7 8. Nge2 a6 9. a4 Bg7 10. Bh6 0-0 11. h4 e5 12. Bxg7 Kxg7 13. h5 Qe7 14. hxg6 fxg6 15. Qh6+ Kg8 16. dxe5 dxe5 17. 0-0-0 Nc5 18. Qg5 Rae8 19. axb5 axb5 20. Ng3 Ne6 21. Qh4 Nf4 22. Bf1 Ra8 23. Qg5 Ra1+ 24. Nb1 Bc8 25. Nf5 Qc5 26. c3 Bxf5 27. exf5 Qe3+ 28. Kc2 N4d5 29. Qg3 Qf4 30. Qxf4 exf4 31. Rd4 g5 32. c4 Ne3+ 33. Kc1 c5 34. Rd6 bxc4 35. Rc6 c3 36. bxc3 Ra2 37. Bd3 Rd8 38. Ra6 Rxg2 39. Rxf6 Rxd3 0-1

[Event "Goodricke op 08th"]
[Site "Kolkata"]
[Date "1997.??.??"]
[Round "9"]
[White "Mithrakanth, Poorna Sharma"]
[Black "Neelotpal, Das"]
[Result "1-0"]
[WhiteElo "2360"]
[BlackElo "2205"]
[PlyCount "81"]
[EventDate "1997.02.??"]
[EventType "swiss"]
[EventRounds "11"]
[EventCountry "IND"]
[SourceTitle "CBM 056 Extra"]
[Source "ChessBase"]
[SourceDate "1997.03.01"]
[SourceVersion "1"]
[SourceVersionDate "1997.03.01"]
[SourceQuality "1"]

1. e4 c5 2. Nf3 e6 3. d4 cxd4 4. Nxd4 Nf6 5. Nc3 d6 6. g4 Be7 7. g5 Nfd7 8. h4 Nc6 9. Be3 a6 10. Qd2 Nxd4 11. Bxd4 0-0 12. f4 b5 13. f5 Ne5 14. Qf2 b4 15. Ne2 f6 16. 0-0-0 Qa5 17. Kb1 exf5 18. g6 h6 19. Bb6 Ng4 20. Qg1 Qe5 21. Bd4 Qxe4 22. Bg2 Qxe2 23. Bxa8 Ne5 24. Bd5+ Kh8 25. Be3 Qg4 26. h5 f4 27. Bc1 Bf5 28. Qf2 Rc8 29. Bb3 Be4 30. Rdg1 Qd7 31. Rh4 f5 32. Rxf4 Bg5 33. Rxe4 fxe4 34. Bxg5 hxg5 35. Rxg5 Qe7 36. Rf5 Ng4 37. Rf7 Qe8 38. Qf4 e3 39. h6 e2 40. hxg7+ Kg8 41. Re7+ 1-0

[Event "Goodricke op 08th"]
[Site "Kolkata"]
[Date "1997.??.??"]
[Round "10"]
[White "Ramesh, Ramachandran B"]
[Black "Mithrakanth, Poorna Sharma"]
[Result "1/2-1/2"]
[WhiteElo "2380"]
[BlackElo "2360"]
[PlyCount "61"]
[EventDate "1997.02.??"]
[EventType "swiss"]
[EventRounds "11"]
[EventCountry "IND"]
[SourceTitle "CBM 056 Extra"]
[Source "ChessBase"]
[SourceDate "1997.03.01"]
[SourceVersion "1"]
[SourceVersionDate "1997.03.01"]
[SourceQuality "1"]

1. e4 c5 2. Nf3 d6 3. d4 cxd4 4. Nxd4 Nf6 5. Nc3 a6 6. Be2 e5 7. Nb3 Be7 8. 0-0 0-0 9. Kh1 Nc6 10. f4 exf4 11. Bxf4 Be6 12. Qe1 Ne8 13. Nd5 Bxd5 14. exd5 Ne5 15. c4 Bf6 16. Rb1 Nc6 17. Bg3 Be5 18. Bxe5 Nxe5 19. Qb4 b6 20. Nd4 Rc8 21. Qa4 Nf6 22. Nc6 Nxc6 23. dxc6 Ne4 24. Bf3 Nd2 25. Qxa6 Nxf3 26. Rxf3 Rxc6 27. Rbf1 Qc7 28. b3 Rc5 29. Qa3 d5 30. cxd5 Rxd5 31. h3 1/2-1/2

[Event "IND-chB 34th"]
[Site "Chennai"]
[Date "1996.??.??"]
[Round "11"]
[White "Deshmukh, Anup"]
[Black "Mithrakanth, Poorna Sharma"]
[Result "0-1"]
[WhiteElo "2290"]
[BlackElo "2360"]
[PlyCount "54"]
[EventDate "1996.??.??"]
[EventType "swiss"]
[EventRounds "12"]
[EventCountry "IND"]
[SourceTitle "EXT 2001"]
[Source "ChessBase"]
[SourceDate "2000.11.22"]
[SourceVersion "1"]
[SourceVersionDate "2000.11.22"]
[SourceQuality "1"]

1. e4 c5 2. Nf3 d6 3. d4 cxd4 4. Nxd4 Nf6 5. Nc3 a6 6. Bg5 e6 7. Qd2 Be7 8. 0-0-0 h6 9. Bxf6 Bxf6 10. f4 b5 11. Kb1 b4 12. Nce2 Qb6 13. g4 Bb7 14. Bg2 Nd7 15. h4 g6 16. g5 hxg5 17. hxg5 Rxh1 18. Rxh1 Bg7 19. Rh7 Kf8 20. f5 exf5 21. exf5 Bxg2 22. f6 Nxf6 23. gxf6 Bxf6 24. Qh6+ Ke8 25. Qf4 d5 26. Nb3 Be4 27. Nd2 g5 0-1

[Event "Kuala Lumpur schev"]
[Site "Kuala Lumpur"]
[Date "1996.??.??"]
[Round "3"]
[White "Mas, Hafizulhelmi"]
[Black "Mithrakanth, Poorna Sharma"]
[Result "1/2-1/2"]
[WhiteElo "2290"]
[BlackElo "2360"]
[PlyCount "41"]
[EventDate "1996.??.??"]
[EventType "schev"]
[EventRounds "12"]
[EventCountry "MAS"]
[SourceTitle "EXT 1998"]
[Source "ChessBase"]
[SourceDate "1997.11.17"]
[SourceVersion "1"]
[SourceVersionDate "1997.11.17"]
[SourceQuality "1"]

1. e4 c5 2. Nf3 d6 3. d4 cxd4 4. Nxd4 Nf6 5. Nc3 a6 6. f4 Nbd7 7. Bd3 e5 8. Nf3 b5 9. a3 Bb7 10. 0-0 Be7 11. Qe1 0-0 12. Kh1 Re8 13. fxe5 dxe5 14. Bg5 Nh5 15. Qh4 g6 16. Bxe7 Qxe7 17. Ng5 f6 18. Nh3 Nc5 19. Rad1 Nxd3 20. Rxd3 Rad8 21. Rxd8 1/2-1/2

[Event "Asia-ch"]
[Site "Dubai"]
[Date "1996.??.??"]
[Round "?"]
[White "Mithrakanth, Poorna Sharma"]
[Black "Aboud, Firas"]
[Result "1-0"]
[WhiteElo "2360"]
[BlackElo "2265"]
[PlyCount "75"]
[EventDate "1996.??.??"]
[EventType "swiss"]
[EventRounds "9"]
[EventCountry "UAE"]
[SourceTitle "EXT 1999"]
[Source "ChessBase"]
[SourceDate "1998.11.16"]
[SourceVersion "1"]
[SourceVersionDate "1998.11.16"]
[SourceQuality "1"]

1. e4 Nc6 2. Nf3 d6 3. Bc4 g6 4. c3 Bg7 5. d4 Nf6 6. Qe2 e5 7. dxe5 Nxe5 8. Nxe5 dxe5 9. 0-0 0-0 10. Nd2 Bg4 11. f3 Bd7 12. Rd1 Qe7 13. Nf1 b5 14. Bb3 c5 15. Be3 c4 16. Bc2 Be6 17. Qf2 Rfc8 18. Rd2 b4 19. cxb4 Qxb4 20. Bd1 Bf8 21. Rc1 Nd7 22. Rdc2 f5 23. exf5 Bxf5 24. Rxc4 Rxc4 25. Rxc4 Qxc4 26. Bb3 Qxb3 27. axb3 Rc8 28. Ng3 Rc2 29. Qf1 Be6 30. Ne4 Be7 31. Qa6 Kf7 32. Ng5+ Bxg5 33. Bxg5 Rxb2 34. Qd6 Rb1+ 35. Kf2 Rb2+ 36. Kg3 Nf6 37. Qc7+ Nd7 38. Qd8 1-0

[Event "Kuala Lumpur schev"]
[Site "Kuala Lumpur"]
[Date "1996.??.??"]
[Round "6"]
[White "Mithrakanth, Poorna Sharma"]
[Black "Mas, Hafizulhelmi"]
[Result "1-0"]
[WhiteElo "2360"]
[BlackElo "2290"]
[PlyCount "61"]
[EventDate "1996.??.??"]
[EventType "schev"]
[EventRounds "12"]
[EventCountry "MAS"]
[SourceTitle "EXT 1998"]
[Source "ChessBase"]
[SourceDate "1997.11.17"]
[SourceVersion "1"]
[SourceVersionDate "1997.11.17"]
[SourceQuality "1"]

1. e4 c5 2. Nf3 d6 3. d4 cxd4 4. Nxd4 Nf6 5. Nc3 a6 6. Be2 e5 7. Nb3 Be7 8. Be3 0-0 9. g4 b5 10. g5 Nfd7 11. Qd5 b4 12. Na4 Qc7 13. Na5 Bd8 14. Qxa8 Qxa5 15. b3 Qc7 16. Qd5 Bb7 17. Qd3 Be7 18. 0-0-0 Re8 19. Kb1 Qa5 20. Bg4 Qc7 21. f3 a5 22. Qd2 Bc6 23. Nb6 Rd8 24. Bxd7 Nxd7 25. Qf2 Qb7 26. Nd5 Bf8 27. Rhg1 Ra8 28. Nf6+ gxf6 29. gxf6+ Kh8 30. Qh4 Qc8 31. Qg5 1-0

[Event "Kuala Lumpur schev"]
[Site "Kuala Lumpur"]
[Date "1996.??.??"]
[Round "4"]
[White "Mithrakanth, Poorna Sharma"]
[Black "Ooi, Chern Ee"]
[Result "1-0"]
[WhiteElo "2360"]
[BlackElo "2220"]
[PlyCount "71"]
[EventDate "1996.??.??"]
[EventType "schev"]
[EventRounds "12"]
[EventCountry "MAS"]
[SourceTitle "EXT 1998"]
[Source "ChessBase"]
[SourceDate "1997.11.17"]
[SourceVersion "1"]
[SourceVersionDate "1997.11.17"]
[SourceQuality "1"]

1. e4 c5 2. Nf3 d6 3. d4 cxd4 4. Nxd4 Nf6 5. Nc3 Nc6 6. Bg5 e6 7. Qd2 Be7 8. 0-0-0 0-0 9. f4 Nxd4 10. Qxd4 Qa5 11. Bc4 Bd7 12. e5 dxe5 13. fxe5 Bc6 14. Bd2 Nd7 15. Nd5 Qd8 16. Nxe7+ Qxe7 17. Rhe1 Rfd8 18. Qg4 Nf8 19. Bd3 Rxd3 20. cxd3 Qd7 21. Bb4 Qd5 22. Bxf8 Rxf8 23. Kb1 Qxg2 24. Qf4 Qd5 25. Rg1 Rd8 26. h4 g6 27. Rgf1 Rd7 28. h5 Bb5 29. Rf3 Bc4 30. a3 Qb5 31. Rc1 Bxd3+ 32. Ka1 f5 33. exf6 Bf5 34. Qh6 e5 35. hxg6 hxg6 36. Rxf5 1-0

[Event "Goodricke op 07th"]
[Site "Kolkata"]
[Date "1996.??.??"]
[Round "3"]
[White "Mithrakanth, Poorna Sharma"]
[Black "Ramesh, Ramachandran B"]
[Result "1-0"]
[WhiteElo "2360"]
[BlackElo "2415"]
[PlyCount "83"]
[EventDate "1996.02.??"]
[EventType "swiss"]
[EventRounds "11"]
[EventCountry "IND"]
[SourceTitle "CBM 050 Extra"]
[Source "ChessBase"]
[SourceDate "1996.03.01"]
[SourceVersion "1"]
[SourceVersionDate "1996.03.01"]
[SourceQuality "1"]

1. e4 c5 2. Nf3 Nc6 3. d4 cxd4 4. Nxd4 Nf6 5. Nc3 d6 6. Bg5 e6 7. Qd2 a6 8. 0-0-0 h6 9. Be3 Qc7 10. f3 Rb8 11. g4 Ne5 12. g5 hxg5 13. Bxg5 b5 14. f4 b4 15. Ncb5 axb5 16. fxe5 Nxe4 17. Bxb5+ Rxb5 18. Nxb5 Qc5 19. Qf4 Qxb5 20. Qxe4 Bb7 21. Qe1 Bxh1 22. Qxh1 f6 23. Bf4 dxe5 24. Bg3 Kf7 25. Qa8 g6 26. Kb1 Rg8 27. b3 Bc5 28. Qf3 Bd4 29. Bh4 g5 30. Qh5+ Rg6 31. Qh7+ Rg7 32. Qh5+ Ke7 33. Qh8 Rf7 34. Be1 Qb7 35. Qg8 Rf8 36. Qg7+ Rf7 37. Qg8 Qb6 38. a3 bxa3 39. Ka2 Rf8 40. Qg7+ Rf7 41. Qg8 Qc7 42. Bb4+ 1-0

[Event "Goodricke op 07th"]
[Site "Kolkata"]
[Date "1996.??.??"]
[Round "1"]
[White "Mithrakanth, Poorna Sharma"]
[Black "Roy Chowdhury, Biswajit"]
[Result "1-0"]
[WhiteElo "2360"]
[BlackElo "2085"]
[PlyCount "59"]
[EventDate "1996.02.??"]
[EventType "swiss"]
[EventRounds "11"]
[EventCountry "IND"]
[SourceTitle "CBM 050 Extra"]
[Source "ChessBase"]
[SourceDate "1996.03.01"]
[SourceVersion "1"]
[SourceVersionDate "1996.03.01"]
[SourceQuality "1"]

1. e4 c5 2. Nf3 Nc6 3. d4 cxd4 4. Nxd4 e5 5. Nb5 a6 6. Nd6+ Bxd6 7. Qxd6 Qf6 8. Qxf6 Nxf6 9. Nc3 Nb4 10. Bd3 d5 11. exd5 Nxd3+ 12. cxd3 Bf5 13. 0-0 Bxd3 14. Re1 e4 15. f3 0-0-0 16. fxe4 Bxe4 17. Nxe4 Rhe8 18. Bg5 Rxe4 19. Rac1+ Kd7 20. Rxe4 Nxe4 21. Bxd8 Kxd8 22. Kf1 Kd7 23. Ke2 Nf6 24. Rd1 Kd6 25. Kf3 g6 26. g4 Nd7 27. g5 Ne5+ 28. Ke4 Ng4 29. Rf1 h6 30. h3 1-0